000 00390nam a2200157 i 4500
001 bg
100 1 _aFESIK, S. P.
245 0 _aSpravocnik po soprotivleniju materialov /
_cS. P. Fesik.
260 _aKiev :
_bIzdatel'stvo "Budivel'nik",
_c1970.
300 _a307 s.
040 _cBPK
041 _apol
080 _a539.3/.8
942 _cKS
008 s pl f |000 0 pol
999 _c12890
_d12890